Southville International School and Colleges
Your cart is empty.
  • Cart
  • Lists
    Public lists Eva Luna New books Lux_list list_1
    Your lists Log in to create your own lists
  • Log in to your account
  • Your cookies
  • Search history
Southville International School and Colleges
  • Advanced search
  • Recent comments
  • Most popular
  • Libraries

Log in to your account

Log in with GOOGLE


If you do not have an external account, but do have a local account, you can still log in:

  1. Home
  2. MARC view: Tubble wubble :
Normal view MARC view ISBD view

Tubble wubble : (Record no. 104907)

[ view plain ]
MARC details
000 -LEADER
fixed length control field 00651nam a2200181 a 4500
005 - DATE AND TIME OF LATEST TRANSACTION
control field 20140412111330.0
008 - FIXED-LENGTH DATA ELEMENTS--GENERAL INFORMATION
fixed length control field 030210s19uu xx 00 eng d
020 ## - INTERNATIONAL STANDARD BOOK NUMBER
International Standard Book Number 971-630-099-9
050 ## - LIBRARY OF CONGRESS CALL NUMBER
Classification number TR(PS E
Item number Tu79 1998
100 ## - MAIN ENTRY--PERSONAL NAME
Personal name Jimenez, Gidget R.
245 ## - TITLE STATEMENT
Title Tubble wubble :
Remainder of title the clumsy little turtle /
Statement of responsibility, etc by Gidget R. Jimenez ; pictures by Pepper Roxas.
260 ## - PUBLICATION, DISTRIBUTION, ETC. (IMPRINT)
Place of publication, distribution, etc Makati City, Philippines :
Name of publisher, distributor, etc Tahanan Books,
Date of publication, distribution, etc 1998.
300 ## - PHYSICAL DESCRIPTION
Extent 1 v. (unp.) ; ill.
520 ## - SUMMARY, ETC.
Summary, etc Tubble wubble is a turtle who is always in trouble. Why oh why can't he ever do anything right?
650 ## - SUBJECT ADDED ENTRY--TOPICAL TERM
Topical term or geographic name as entry element Turtles--Fiction
650 ## - SUBJECT ADDED ENTRY--TOPICAL TERM
Topical term or geographic name as entry element Children stories
Holdings
Withdrawn status Lost status Damaged status Use restrictions Home library Current library Shelving location Date acquired Source of acquisition Total Checkouts Full call number Barcode Date last seen Price effective from Koha item type
        Elizalde Library Elizalde Library Teachers Reference Section 02/10/2003     TR(PS E Tu79 1998 E8983 04/12/2014 04/12/2014 Books

Tubble wubble :

APA

Jimenez G. R., . (1998). Tubble wubble. Makati City, Philippines: Tahanan Books.

Chicago

Jimenez Gidget R, . 1998. Tubble wubble. Makati City, Philippines: Tahanan Books.

Harvard

Jimenez G. R., . (1998). Tubble wubble. Makati City, Philippines: Tahanan Books.

MLA

Jimenez Gidget R, . Tubble wubble. Makati City, Philippines: Tahanan Books. 1998.

  • Place hold
  • Print
  • Cite
  • Add to your cart (remove)
  • Save record
    BIBTEX Dublin Core MARCXML MARC (non-Unicode/MARC-8) MARC (Unicode/UTF-8) MARC (Unicode/UTF-8, Standard) MODS (XML) RIS
  • More searches
    Search for this title in:
    Other Libraries (WorldCat) Other Databases (Google Scholar) Online Stores (Bookfinder.com) Open Library (openlibrary.org)

Exporting to Dublin Core...

SOUTHVILLE LIBRARY

Southville International School and Colleges Library

1281 Tropical Ave. Cor. Luxembourg St., BF Homes International, Las Pinas City

Tel. No. 8256374 / 252358 Loc. 117/146

Powered by Koha